Terapeutické využitie tejpovania

Saved in:
Bibliographic Details
Main Author Kobrová, Jitka
Other Authors Robert Válka
Format Electronic eBook
LanguageCzech
Published Grada SK 2024
Edition1. elektronické vydání
Subjects
Online AccessDostupné v BOOKPORT po přihlášení pomocí eduID
ISBN978-80-8090-667-2
978-80-8090-666-5
Physical Description1 online zdroj (152 stran)

Cover

LEADER 00000nam a2200000 i 4500
001 bkp100285
003 CZ-prgp
005 20240627103801.0
006 m o d
007 cr cn
008 240627s2024 xr o 000 0 cze
020 |a 978-80-8090-667-2  |c 276 Kč  |q (online ; pdf) 
020 |a 978-80-8090-666-5  |c 325 Kč  |q (print) 
040 |a Grada  |b cze  |e rda 
100 1 |a Kobrová, Jitka 
245 1 0 |a Terapeutické využitie tejpovania  |c Jitka Kobrová, Robert Válka 
250 |a 1. elektronické vydání 
264 1 |b Grada SK  |c 2024 
300 |a 1 online zdroj (152 stran) 
336 |a text  |b txt  |2 rdacontent 
337 |a počítač  |b c  |2 rdamedia 
338 |a online zdroj  |b cr  |2 rdacarrier 
520 3 |a Kniha komplexne spracováva problematiku tejpovania. Tejpovanie je v súčasnosti jednou z najpopulárnejších metód vo fyzioterapii, rehabilitačnej medicíne aj terapii u športovcov. Pri jej koncipovaní autori vychádzajú z najnovších trendov v uplatňovaní metódy tejpovania a z vlastných praktických skúseností. 
650 0 4 |a Fyzioterapeut, rehabilitační pracovník 
700 1 |a Robert Válka 
856 4 0 |u https://www.bookport.cz/AccountSaml/SignIn/?idp=https://shibboleth.utb.cz/idp/shibboleth&returnUrl=/kniha/terapeuticke-vyuzitie-tejpovania-12733/  |y Dostupné v BOOKPORT po přihlášení pomocí eduID